000
00269nam a2200109Ia 4500
008
190216s9999||||xx |||||||||||||| ||und||
100
_a
Sharygin I F
245
0
_a
Mathmatics-Problems In Solid Geometry
260
_b
Mir Publishers
650
_a
Mathematics
942
_c
BK
999
_c
31041
_d
31041